| 000 | 00585nam a2200193Ia 4500 | ||
|---|---|---|---|
| 003 | GCL | ||
| 008 | 140319s9999 xx 000 0 ara d | ||
| 040 |
_aGCL / _cGCL |
||
| 082 | 0 | 4 |
_a252 _bع ى |
| 100 | 1 | _aعثمان بن حسنين برى الجعلى الما | |
| 245 | 1 | 0 |
_aسراج السالك شرح أسهل المسالك / _cعثمان بن حسنين برى الجعلى الما |
| 300 | _a264 ص | ||
| 490 | _a | ||
| 650 | 0 | 4 | _aالصلاة |
| 650 | 0 | 4 | _aالزكاة |
| 650 | 0 | 4 | _aالشريعة الاسلامية |
| 650 | 0 | 4 | _aالعبادات |
| 942 |
_2ddc _cBK |
||
| 999 |
_c37711 _d37711 |
||